Statistics for Stockholm Metro Stations

Click here to take the quiz!

General Stats

  • This quiz has been taken 996 times
  • The average score is 58 of 100

Answers on the Map

Answers color-coded by a green-red scale on the quiz's map according to % correct below.
 

Answer Stats

Answer% Correct
T-Centralen
96%
Gamla Stan
89%
Slussen
87%
Kungsträdgården
83%
Odenplan
82%
Akalla
80%
Solna Centrum
80%
Farsta
79%
Fridhemsplan
76%
Mörby Centrum
76%
Östermalmstorg
76%
Rinkeby
75%
Farsta Strand
74%
Hässelby Strand
74%
Hötorget
74%
Ropsten
74%
Globen
72%
Gullmarsplan
72%
Rådhuset
72%
S:t Eriksplan
72%
Mariatorget
71%
Alvik
70%
Hjulsta
70%
Medborgarplatsen
70%
Rådmansgatan
70%
Karlaplan
69%
Tekniska Högskolan
69%
Tensta
69%
Fruängen
68%
Liljeholmen
68%
Norsborg
68%
Skanstull
68%
Stadion
68%
Universitetet
68%
Hagsätra
67%
Skarpnäck
67%
Zinkensdamm
67%
Gärdet
65%
Kista
65%
Hornstull
64%
Sundbybergs Centrum
64%
Danderyds Sjukhus
61%
Västra Skogen
61%
Telefonplan
60%
Thorildsplan
59%
Vällingby
59%
Brommaplan
58%
Åkeshov
57%
Hallonbergen
57%
Midsommarkransen
57%
Husby
56%
Bagarmossen
55%
Hässelby Gård
55%
Abrahamsberg
54%
Kristineberg
54%
Blåsut
53%
Bergshamra
52%
Fittja
52%
Skärholmen
52%
Rågsved
51%
Skärmarbrink
51%
Stadshagen
51%
Blackeberg
50%
Skogskyrkogården
50%
Stora Mossen
50%
Alby
49%
Aspudden
49%
Bredäng
49%
Enskede Gård
49%
Gubbängen
49%
Rissne
49%
Solna Strand
49%
Hökarängen
48%
Näckrosen
48%
Islandstorget
47%
Mälarhöjden
47%
Högdalen
46%
Bandhagen
45%
Duvbo
45%
Hammarbyhöjden
45%
Sätra
45%
Vårby Gård
45%
Axelsberg
44%
Hallunda
44%
Huvudsta
44%
Kärrtorp
44%
Råcksta
43%
Sockenplan
43%
Svedmyra
43%
Stureby
42%
Masmo
41%
Örnsberg
41%
Tallkrogen
41%
Hägerstensåsen
40%
Sandsborg
39%
Vårberg
38%
Björkhagen
37%
Johannelund
37%
Ängbyplan
36%
Västertorp
36%

Score Distribution

Percentile by Number Answered

Percent of People with Each Score

Your Score History

You have not taken this quiz